A digest of the law of easements. (Record no. 101214)

MARC details
000 -LEADER
fixed length control field 00401cam a2200157 4500
001 - CONTROL NUMBER
control field J111245
008 - FIXED-LENGTH DATA ELEMENTS--GENERAL INFORMATION
fixed length control field 000000n1895 000 0 eng u
035 ## - SYSTEM CONTROL NUMBER
System control number (Sirsi) u111245
050 ## - LIBRARY OF CONGRESS CALL NUMBER
Classification number 346.410435
100 ## - MAIN ENTRY--PERSONAL NAME
Personal name Innes, L.C.
245 #2 - TITLE STATEMENT
Title A digest of the law of easements.
250 ## - EDITION STATEMENT
Edition statement 5th ed.
260 ## - PUBLICATION, DISTRIBUTION, ETC.
Place of publication, distribution, etc. London
Name of publisher, distributor, etc. Stevens and Sons Limited
Date of publication, distribution, etc. 1895
300 ## - PHYSICAL DESCRIPTION
Extent xxviii,127p. ; 21cm.
942 ## - ADDED ENTRY ELEMENTS (KOHA)
Suppress in OPAC 0
Holdings
Withdrawn status Lost status Source of classification or shelving scheme Damaged status Not for loan Home library Current library Shelving location Date acquired Total Checkouts Full call number Barcode Date last seen Copy number Price effective from Koha item type
    Dewey Decimal Classification     London London Basement 02/03/2001   SHELF 117 30063369 06/08/2019 1 06/08/2019 Reference material